[Event "CHN-ch U16"]
[Site "Shenzhen"]
[Date "2023.07.31"]
[Round "8"]
[White "Huang, Yihong"]
[Black "Zhang, Xuanhe"]
[Result "1/2-1/2"]
[WhiteElo "1835"]
[BlackElo "1444"]
[PlyCount "41"]
[EventDate "2023.07.28"]
[EventType "swiss"]
[EventRounds "11"]
[EventCountry "CHN"]
[SourceTitle "CBM 215 Extra"]
[Source "ChessBase"]
[SourceDate "2023.09.30"]
[SourceVersion "1"]
[SourceVersionDate "2023.09.30"]
[SourceQuality "1"]

1. e4 c5 2. Nc3 Nc6 3. g3 g6 4. Bg2 Bg7 5. Nge2 d6 6. d3 e6 7. Be3 Nge7 8. 0-0 0-0 9. Qd2 Nd4 10. Nf4 Rb8 11. Nd1 b5 12. c3 Ndc6 13. Nh3 b4 14. Bh6 bxc3 15. bxc3 Ba6 16. Bxg7 Kxg7 17. Ne3 h5 18. f4 Ng8 19. f5 Nf6 20. Rf4 Ne5 21. c4 1/2-1/2